000 00368nam a2200169Ia 4500
003 0STCL
008 150530s9999 xx 000 0 und d
040 _aSTCL
_cSTCL
100 _aTribute, A.
245 _aDante sexcentenary 1321-1921
250 _aFirst
260 _c1921
546 _aEnglish
942 _2ddc
_cBK
999 _c61689
_d61689
005 20220125171155.0